00516nam a2200133 a 450000500170000000800410001705000180005810000240007624500250010026000420012599900190016795200980018695200980028420140414131857.0100827s19uu xx 00 eng d aFILbB23 2007 aVillanueva, Rene O. aAng barumbadong bus. aManila, Philippines :bAdarna,c2007. c110507d110507 001040aMUbMUcFILd2010-08-27l0oFIL B23 2007pM0927r2014-04-14 00:00:00w2014-04-14yBK 001040aMUbMUcFILd2010-08-27l0oFIL B23 2007pM0922r2014-04-14 00:00:00w2014-04-14yBK